[Event "BL2-Ost 2223"]
[Site "Germany"]
[Date "2023.02.04"]
[Round "5.4"]
[White "Eichner, Sebastian"]
[Black "Zajogin, Alexander"]
[Result "1-0"]
[WhiteElo "2336"]
[BlackElo "2409"]
[PlyCount "131"]
[EventDate "2022.10.22"]
[EventType "team-tourn"]
[EventRounds "10"]
[EventCountry "GER"]
[SourceTitle "EXT 2024"]
[Source "ChessBase"]
[SourceDate "2023.10.10"]
[SourceVersion "1"]
[SourceVersionDate "2023.10.10"]
[SourceQuality "1"]
[WhiteTeam "Nickelhuette Aue"]
[BlackTeam "Bayern Muenchen II"]
[WhiteTeamCountry "GER"]
[BlackTeamCountry "GER"]

1. d4 Nf6 2. c4 e6 3. Nf3 Bb4+ 4. Bd2 a5 5. a3 Bxd2+ 6. Qxd2 0-0 7. Nc3 d6 8. e4 Nfd7 9. Rd1 Nc6 10. Be2 e5 11. 0-0 f6 12. b3 Kh8 13. h3 b6 14. Kh1 Bb7 15. Qc2 exd4 16. Nxd4 Nxd4 17. Rxd4 f5 18. exf5 Qf6 19. Rd2 Qxf5 20. Qxf5 Rxf5 21. Bg4 Rf7 22. Bxd7 Rxd7 23. Re1 Kg8 24. Rde2 Kf8 25. Kh2 Rf7 26. Kg3 Bc6 27. h4 Re8 28. Rxe8+ Bxe8 29. Nd5 Bc6 30. Nf4 Re7 31. Ne6+ Kg8 32. Re3 d5 33. f4 d4 34. Re1 g6 35. Kf2 d3 36. Nd4 Rxe1 37. Kxe1 Bxg2 38. Kd2 Be4 39. Nb5 Kf7 40. Ke3 Bc6 41. Nxc7 Ke7 42. Kxd3 Kd6 43. Nb5+ Kc5 44. Nd4 Bd7 45. Kc3 Bh3 46. Nf3 h6 47. Ne5 Bf5 48. Nf7 h5 49. Ne5 Bb1 50. Nd3+ Kd6 51. Kd4 Ke6 52. b4 axb4 53. axb4 Kf5 54. b5 Kg4 55. Ke3 Ba2 56. Ne5+ Kxh4 57. Kf3 Kh3 58. Ke4 Kg3 59. c5 Be6 60. cxb6 Bc8 61. Nxg6 Kg4 62. Ke5 Bb7 63. f5 Kg5 64. Nf4 h4 65. f6 Kh6 66. Kd6 1-0

[Event "BL2-Ost 2223"]
[Site "Germany"]
[Date "2022.11.27"]
[Round "4.3"]
[White "Koepke, Christian"]
[Black "Zajogin, Alexander"]
[Result "1/2-1/2"]
[WhiteElo "2304"]
[BlackElo "2409"]
[PlyCount "47"]
[EventDate "2022.10.22"]
[EventType "team-tourn"]
[EventRounds "10"]
[EventCountry "GER"]
[SourceTitle "EXT 2024"]
[Source "ChessBase"]
[SourceDate "2023.10.10"]
[SourceVersion "1"]
[SourceVersionDate "2023.10.10"]
[SourceQuality "1"]
[WhiteTeam "Garching"]
[BlackTeam "Bayern Muenchen II"]
[WhiteTeamCountry "GER"]
[BlackTeamCountry "GER"]

1. e4 e5 2. Nf3 Nc6 3. Bc4 Bc5 4. c3 Nf6 5. d4 exd4 6. cxd4 Bb4+ 7. Nbd2 d5 8. exd5 Nxd5 9. 0-0 0-0 10. a3 Be7 11. Re1 Nb6 12. Ba2 Bg4 13. h3 Bxf3 14. Nxf3 Bf6 15. Be3 Ne7 16. Qb3 Ned5 17. Bd2 Qd6 18. Ne5 c6 19. Re4 Rfe8 20. Rae1 Qc7 21. Qg3 Re6 22. Bb1 Rae8 23. Qd3 g6 24. Ng4 1/2-1/2

[Event "Bundesliga 2122"]
[Site "Germany"]
[Date "2022.07.10"]
[Round "15.8"]
[White "Zajogin, Alexander"]
[Black "Gavrilescu, David"]
[Result "1-0"]
[WhiteElo "2399"]
[BlackElo "2512"]
[PlyCount "63"]
[EventDate "2022.03.05"]
[EventType "team-tourn"]
[EventRounds "15"]
[EventCountry "GER"]
[SourceTitle "CBM 209 Extra"]
[Source "ChessBase"]
[SourceDate "2022.09.30"]
[SourceVersion "1"]
[SourceVersionDate "2022.09.30"]
[SourceQuality "1"]
[WhiteTeam "Bayern Muenchen"]
[BlackTeam "Kiel Turm"]
[WhiteTeamCountry "GER"]
[BlackTeamCountry "GER"]

1. d4 d5 2. c4 e6 3. Nc3 Nf6 4. cxd5 exd5 5. Bg5 Bb4 6. e3 h6 7. Bxf6 Qxf6 8. Qa4+ Nc6 9. Nf3 0-0 10. Rc1 Rd8 11. Bb5 Qg6 12. 0-0 Bg4 13. Ne1 a5 14. Nd3 Na7 15. Ne5 Qb6 16. Bd3 Be6 17. Bb1 g6 18. f4 c5 19. Qd1 cxd4 20. Na4 Qa6 21. exd4 Bd7 22. f5 Bxa4 23. Qxa4 Qb6 24. Qd1 Nb5 25. fxg6 fxg6 26. Bxg6 Rf8 27. Bf7+ Kh8 28. Ng6+ Kg7 29. Nxf8 Rxf8 30. Qg4+ Kh8 31. Bxd5 Rd8 32. Rc8 1-0

[Event "Bundesliga 2122"]
[Site "Germany"]
[Date "2022.05.28"]
[Round "9.8"]
[White "Meier, Georg"]
[Black "Zajogin, Alexander"]
[Result "1/2-1/2"]
[WhiteElo "2631"]
[BlackElo "2394"]
[PlyCount "76"]
[EventDate "2022.03.05"]
[EventType "team-tourn"]
[EventRounds "15"]
[EventCountry "GER"]
[SourceTitle "EXT 2023"]
[Source "ChessBase"]
[SourceDate "2022.10.05"]
[SourceVersion "1"]
[SourceVersionDate "2022.10.05"]
[SourceQuality "1"]
[WhiteTeam "Baden-Baden"]
[BlackTeam "Bayern Muenchen"]
[WhiteTeamCountry "GER"]
[BlackTeamCountry "GER"]

1. d4 Nf6 2. c4 e6 3. Nf3 Bb4+ 4. Nbd2 a5 5. a3 Be7 6. e4 d5 7. e5 Nfd7 8. cxd5 exd5 9. Bb5 c6 10. Bd3 c5 11. 0-0 Nc6 12. Re1 Qb6 13. Bc2 Nf8 14. h3 Ne6 15. dxc5 Bxc5 16. Rf1 Qd8 17. Re1 Qb6 18. Rf1 Qd8 19. Nb3 Bb6 20. Re1 0-0 21. Qd3 g6 22. Bh6 a4 23. Nbd2 Re8 24. Rac1 Ned4 25. g4 Bxg4 26. hxg4 Qd7 27. Nh2 Nxe5 28. Qg3 f6 29. Kg2 Rac8 30. Bd3 Rxc1 31. Rxc1 g5 32. Rh1 Nxd3 33. Qxd3 Ne6 34. Qf5 Nf4+ 35. Kg3 Ne2+ 36. Kg2 Nf4+ 37. Kg3 Ne2+ 38. Kg2 Nf4+ 1/2-1/2

[Event "EU-ch Online 2300+ Final"]
[Site "Chess.com INT"]
[Date "2020.05.30"]
[Round "4"]
[White "Zajogin, Alexander"]
[Black "Kuzubov, Yuriy"]
[Result "0-1"]
[WhiteElo "2412"]
[BlackElo "2643"]
[PlyCount "64"]
[EventDate "2020.05.30"]
[EventType "swiss"]
[EventRounds "8"]
[EventCountry "NET"]
[SourceTitle "CBM 196 Extra"]
[Source "ChessBase"]
[SourceDate "2020.07.31"]
[SourceVersion "1"]
[SourceVersionDate "2020.07.31"]
[SourceQuality "1"]

1. d4 Nf6 2. c4 e6 3. Nc3 Bb4 4. e3 0-0 5. Nge2 c6 6. a3 Ba5 7. b4 Bc7 8. d5 cxd5 9. cxd5 exd5 10. g3 Be5 11. Rb1 d6 12. Qd3 Nc6 13. Bg2 Ne7 14. Nd4 Bxd4 15. Qxd4 Bf5 16. Ra1 Rc8 17. Bb2 Nc6 18. Qf4 Be6 19. Nb5 Ne4 20. Bxe4 dxe4 21. Nxd6 Rc7 22. Nxe4 f5 23. Nc5 Bd5 24. Rd1 g5 25. Rxd5 gxf4 26. Rxd8 Nxd8 27. gxf4 Rc6 28. Nd7 Rf7 29. Ne5 Rc2 30. Nxf7 Kxf7 31. Bh8 Rc1+ 32. Ke2 Rxh1 0-1

[Event "BL2-Ost 1920"]
[Site "Germany"]
[Date "2019.12.08"]
[Round "6.4"]
[White "Stojanovic, Dalibor"]
[Black "Zajogin, Alexander"]
[Result "1/2-1/2"]
[WhiteElo "2501"]
[BlackElo "2426"]
[PlyCount "135"]
[EventDate "2019.10.19"]
[EventType "team-tourn"]
[EventRounds "11"]
[EventCountry "GER"]
[SourceTitle "CBM 194 Extra"]
[Source "ChessBase"]
[SourceDate "2020.03.31"]
[SourceVersion "1"]
[SourceVersionDate "2020.03.31"]
[SourceQuality "1"]
[WhiteTeam "Deggendorf"]
[BlackTeam "Bayern Muenchen II"]
[WhiteTeamCountry "GER"]
[BlackTeamCountry "GER"]

1. e4 e5 2. Nf3 Nc6 3. Bb5 Nf6 4. d3 Bc5 5. Bxc6 dxc6 6. Qe2 Nd7 7. Nbd2 Qe7 8. Nc4 Bd6 9. Be3 Nb6 10. Ncd2 c5 11. Nf1 Na4 12. Bc1 Nb6 13. Ne3 g6 14. a4 Be6 15. b3 c6 16. Bb2 f6 17. h4 h5 18. Nd2 Bc7 19. g3 Nd7 20. f3 Nf8 21. Qf2 Bf7 22. f4 Ne6 23. f5 Nd4 24. fxg6 Bxg6 25. 0-0-0 0-0-0 26. c3 Ne6 27. Nf5 Qh7 28. Nc4 Rd7 29. Rhf1 Rhd8 30. Kc2 b5 31. axb5 cxb5 32. Nce3 Bb6 33. Nd5 Rxd5 34. exd5 c4 35. Qf3 Nc5 36. b4 Nxd3 37. d6 Kb8 38. Kb1 e4 39. Qxe4 Re8 40. Qc6 Ne5 41. Qe4 Nd7 42. Qf3 Re5 43. Ka1 Bxf5 44. Rde1 Be4 45. Qf4 f5 46. Bc1 Qh8 47. Kb2 Rd5 48. Rxe4 fxe4 49. Qf7 Rxd6 50. Bf4 Ne5 51. Qe7 Nd3+ 52. Kc2 Nxf4 53. Rxf4 Qh6 54. Rf8+ Bd8 55. Rxd8+ Rxd8 56. Qxd8+ Kb7 57. Qe7+ Kb6 58. Qxe4 Qd6 59. Qf5 a5 60. Qf2+ Ka6 61. bxa5 Kxa5 62. Qa7+ Qa6 63. Qe7 Qg6+ 64. Kb2 Kb6 65. Qe3+ Kc6 66. Qf3+ Kb6 67. Qe3+ Kc6 68. Qf3+ 1/2-1/2

[Event "Bayern-chI Bank Hofmann 23rd"]
[Site "Tegernsee"]
[Date "2019.10.30"]
[Round "5"]
[White "Sethuraman, SP."]
[Black "Zajogin, Alexander"]
[Result "1-0"]
[WhiteElo "2624"]
[BlackElo "2426"]
[PlyCount "109"]
[EventDate "2019.10.26"]
[EventType "swiss"]
[EventRounds "9"]
[EventCountry "GER"]
[SourceTitle "CBM 192 Extra"]
[Source "Chessbase"]
[SourceDate "2019.11.06"]
[SourceVersion "1"]
[SourceVersionDate "2019.11.06"]
[SourceQuality "1"]

1. e4 e5 2. Nf3 Nc6 3. Bc4 Bc5 4. d3 Nf6 5. 0-0 d6 6. c3 0-0 7. Bg5 h6 8. Bh4 a6 9. a4 g5 10. Bg3 Ba7 11. Nbd2 Bg4 12. h3 Bh5 13. b4 Bg6 14. Re1 Nh5 15. Bh2 Nf4 16. Nf1 Kg7 17. Bxf4 gxf4 18. Bd5 Rb8 19. d4 Qf6 20. N1h2 h5 21. Bxc6 bxc6 22. Qd3 exd4 23. Qxa6 Ra8 24. Qxc6 dxc3 25. Rac1 Bd4 26. Red1 Be5 27. a5 Rfb8 28. Nxe5 dxe5 29. Qxc3 Bxe4 30. Re1 Bg6 31. Nf3 e4 32. Ne5 Bf5 33. Nc6 Re8 34. b5 Qxc3 35. Rxc3 e3 36. fxe3 Rxe3 37. Rexe3 fxe3 38. Nd4 Bg6 39. a6 Rd8 40. a7 Be4 41. Rc4 Kh7 42. Ne2 Rd1+ 43. Kh2 Ba8 44. Rxc7 Rd2 45. Rxf7+ Kg6 46. Rf8 Bb7 47. Rb8 Be4 48. Re8 Bb7 49. Rxe3 Rb2 50. Re7 Ba8 51. Re8 Bb7 52. Nf4+ Kg5 53. Rf8 h4 54. a8Q Bxa8 55. Ne6+ 1-0

[Event "Bayern-chI Bank Hofmann 23rd"]
[Site "Tegernsee"]
[Date "2019.10.29"]
[Round "4"]
[White "Zajogin, Alexander"]
[Black "Frese, Daniel"]
[Result "1-0"]
[WhiteElo "2426"]
[BlackElo "1969"]
[PlyCount "29"]
[EventDate "2019.10.26"]
[EventType "swiss"]
[EventRounds "9"]
[EventCountry "GER"]
[SourceTitle "CBM 192 Extra"]
[Source "Chessbase"]
[SourceDate "2019.11.06"]
[SourceVersion "1"]
[SourceVersionDate "2019.11.06"]
[SourceQuality "1"]

1. d4 Nf6 2. Bg5 Ne4 3. Bf4 d5 4. f3 Nf6 5. Nc3 c5 6. e3 Bf5 7. g4 Bg6 8. g5 Nh5 9. Bxb8 Qxb8 10. Bb5+ Kd8 11. Nxd5 cxd4 12. Qxd4 Qd6 13. 0-0-0 Rc8 14. Ba4 Qc5 15. Nb6+ 1-0

[Event "BL2-Ost 1920"]
[Site "Germany"]
[Date "2019.10.20"]
[Round "2.4"]
[White "Hertneck, Gerald"]
[Black "Zajogin, Alexander"]
[Result "1-0"]
[WhiteElo "2489"]
[BlackElo "2426"]
[PlyCount "89"]
[EventDate "2019.10.19"]
[EventType "team-tourn"]
[EventRounds "11"]
[EventCountry "GER"]
[SourceTitle "CBM 194 Extra"]
[Source "ChessBase"]
[SourceDate "2020.03.31"]
[SourceVersion "1"]
[SourceVersionDate "2020.03.31"]
[SourceQuality "1"]
[WhiteTeam "Zugzwang MSA"]
[BlackTeam "Bayern Muenchen II"]
[WhiteTeamCountry "GER"]
[BlackTeamCountry "GER"]

1. d4 Nf6 2. Nf3 e6 3. c4 Bb4+ 4. Bd2 a5 5. g3 d5 6. Bxb4 axb4 7. Nbd2 0-0 8. Bg2 b6 9. Qc2 Nbd7 10. e4 c5 11. e5 Ne4 12. Nxe4 b3 13. Qd3 dxe4 14. Qxe4 Rxa2 15. 0-0 b5 16. cxb5 Rxb2 17. Rac1 c4 18. Rxc4 Nb6 19. Rcc1 Bd7 20. Qd3 Qe7 21. Rb1 Rc2 22. Rxb3 Rfc8 23. Nd2 Nd5 24. Bxd5 exd5 25. b6 R2c6 26. b7 Rb8 27. Ra1 Bh3 28. Qb1 Qc7 29. Nf1 Re6 30. Ra8 Ree8 31. Rxb8 Rxb8 32. Ne3 Be6 33. f4 g6 34. g4 Qd8 35. f5 gxf5 36. gxf5 Qg5+ 37. Kh1 Bd7 38. Qg1 Qxg1+ 39. Kxg1 Kf8 40. Kf2 Ke8 41. Nxd5 Bc6 42. Nf6+ Kd8 43. d5 Rxb7 44. Rxb7 Bxb7 45. Ke3 1-0

[Event "BL2-Ost 1819"]
[Site "Germany"]
[Date "2019.03.24"]
[Round "10.5"]
[White "Krensing, Jan"]
[Black "Zajogin, Alexander"]
[Result "1/2-1/2"]
[WhiteElo "2356"]
[BlackElo "2413"]
[PlyCount "65"]
[EventDate "2018.11.10"]
[EventType "team-tourn"]
[EventRounds "10"]
[EventCountry "GER"]
[SourceTitle "CBM 190 Extra"]
[Source "ChessBase"]
[SourceDate "2019.07.15"]
[SourceVersion "1"]
[SourceVersionDate "2019.07.15"]
[SourceQuality "1"]
[WhiteTeam "Bindlach"]
[BlackTeam "Muenchen Bayern"]
[WhiteTeamCountry "GER"]
[BlackTeamCountry "GER"]

1. d4 Nf6 2. c4 e6 3. Nf3 Bb4+ 4. Nbd2 0-0 5. a3 Bxd2+ 6. Qxd2 b6 7. b4 Bb7 8. e3 Ne4 9. Qc2 f5 10. Bb2 d6 11. Be2 Nd7 12. 0-0 Ndf6 13. Ne1 Ng4 14. h3 Qh4 15. Nf3 Qh6 16. Bd3 Ngf6 17. d5 e5 18. Nd2 Bc8 19. f4 Bd7 20. Rae1 Nxd2 21. Qxd2 exf4 22. Rxf4 Qg6 23. Ref1 Ne4 24. Bxe4 fxe4 25. Kh2 Rae8 26. Qf2 Rxf4 27. Qxf4 h6 28. g4 Ra8 29. Kg3 h5 30. Kh4 hxg4 31. hxg4 Qh7+ 32. Kg3 Qg6 33. Rf2 1/2-1/2

[Event "BL2-Ost 1819"]
[Site "Germany"]
[Date "2018.12.14"]
[Round "8.6"]
[White "Troyke, Christian"]
[Black "Zajogin, Alexander"]
[Result "1/2-1/2"]
[WhiteElo "2332"]
[BlackElo "2413"]
[PlyCount "39"]
[EventDate "2018.11.10"]
[EventType "team-tourn"]
[EventRounds "10"]
[EventCountry "GER"]
[SourceTitle "CBM 190 Extra"]
[Source "ChessBase"]
[SourceDate "2019.07.15"]
[SourceVersion "1"]
[SourceVersionDate "2019.07.15"]
[SourceQuality "1"]
[WhiteTeam "Erfurt"]
[BlackTeam "Muenchen Bayern"]
[WhiteTeamCountry "GER"]
[BlackTeamCountry "GER"]

1. Nf3 d5 2. g3 g6 3. Bg2 Bg7 4. 0-0 e5 5. d3 Ne7 6. e4 d4 7. c3 Nbc6 8. cxd4 Nxd4 9. Nxd4 Qxd4 10. Nc3 c6 11. Be3 Qd6 12. Qc2 0-0 13. Rfd1 b6 14. a3 c5 15. b4 cxb4 16. axb4 Bg4 17. f3 Bd7 18. b5 Rfc8 19. Qb2 Rc7 20. Bf1 1/2-1/2

[Event "Oberliga Bayern 1718"]
[Site "Bayern"]
[Date "2018.02.25"]
[Round "7.1"]
[White "Zajogin, Alexander"]
[Black "Watson, William N"]
[Result "1/2-1/2"]
[WhiteElo "2409"]
[BlackElo "2494"]
[PlyCount "48"]
[EventDate "2017.10.22"]
[EventType "team-tourn"]
[EventRounds "9"]
[EventCountry "GER"]
[SourceTitle "EXT 2020"]
[Source "ChessBase"]
[SourceDate "2019.10.17"]
[SourceVersion "1"]
[SourceVersionDate "2019.10.17"]
[SourceQuality "1"]
[WhiteTeam "Bayern Muenchen II"]
[BlackTeam "Muenchen 36"]
[WhiteTeamCountry "GER"]
[BlackTeamCountry "GER"]

1. d4 d6 2. Bg5 h6 3. Bf4 g6 4. Qd2 Bg7 5. Nc3 Nc6 6. d5 Ne5 7. e4 a6 8. Nf3 Nxf3+ 9. gxf3 Nf6 10. Be3 e5 11. dxe6 Bxe6 12. f4 Qd7 13. Rg1 Bg4 14. f5 0-0-0 15. Be2 Bxe2 16. Qxe2 Qc6 17. fxg6 Nxe4 18. Qg4+ Kb8 19. Nxe4 f5 20. Qxf5 Rhf8 21. Qg4 Rde8 22. Nd2 Qxc2 23. Qc4 Qf5 24. 0-0-0 d5 1/2-1/2

[Event "Oberliga Bayern 1718"]
[Site "Bayern"]
[Date "2018.02.04"]
[Round "6.1"]
[White "Kosic, Dragan"]
[Black "Zajogin, Alexander"]
[Result "1-0"]
[WhiteElo "2493"]
[BlackElo "2409"]
[PlyCount "89"]
[EventDate "2017.10.22"]
[EventType "team-tourn"]
[EventRounds "9"]
[EventCountry "GER"]
[SourceTitle "EXT 2020"]
[Source "ChessBase"]
[SourceDate "2019.10.17"]
[SourceVersion "1"]
[SourceVersionDate "2019.10.17"]
[SourceQuality "1"]
[WhiteTeam "Muenchen Suedost"]
[BlackTeam "Bayern Muenchen II"]
[WhiteTeamCountry "GER"]
[BlackTeamCountry "GER"]

1. d4 Nf6 2. Nf3 e6 3. Bf4 c5 4. e3 cxd4 5. exd4 Be7 6. h3 0-0 7. Nbd2 b6 8. a4 Ba6 9. Bb5 d6 10. 0-0 Bb7 11. Re1 Qc8 12. a5 a6 13. Bf1 b5 14. c4 bxc4 15. Nxc4 Qd8 16. Nb6 Ra7 17. Qb3 Nd5 18. Bg3 Nd7 19. Nc4 Nb8 20. Qa3 Nc6 21. Bxd6 Ncb4 22. Bxe7 Qxe7 23. Rac1 Nc7 24. Nb6 Nb5 25. Bxb5 axb5 26. Rc5 Na6 27. Rxb5 Qxa3 28. bxa3 Rd8 29. Rc1 f6 30. Rc4 Nb8 31. Nc8 Bd5 32. Rcc5 Ra8 33. Ne7+ Kf8 34. Nxd5 exd5 35. Nd2 Na6 36. Rxd5 Rxd5 37. Rxd5 Nc7 38. Rd7 Nb5 39. Nb3 Nxa3 40. Nc5 Rxa5 41. Ne6+ Ke8 42. Rxg7 h5 43. Rh7 Nb1 44. Rxh5 Ra1 45. g4 1-0

[Event "Bayern-chI Bank Hofmann 21st"]
[Site "Tegernsee"]
[Date "2017.11.05"]
[Round "9"]
[White "Tonndorf, Matthias"]
[Black "Zajogin, Alexander"]
[Result "0-1"]
[WhiteElo "2285"]
[BlackElo "2409"]
[PlyCount "100"]
[EventDate "2017.10.28"]
[EventType "swiss"]
[EventRounds "9"]
[EventCountry "GER"]
[SourceTitle "CBM 181 Extra"]
[Source "ChessBase"]
[SourceDate "2017.12.12"]
[SourceVersion "1"]
[SourceVersionDate "2017.12.12"]
[SourceQuality "1"]

1. e4 e5 2. Nf3 Nc6 3. d4 exd4 4. Nxd4 Nf6 5. Nxc6 bxc6 6. e5 Qe7 7. Qe2 Nd5 8. g3 a5 9. Bg2 a4 10. 0-0 Nb6 11. Re1 Qe6 12. Nd2 Bc5 13. Ne4 Be7 14. Qh5 0-0 15. Bg5 Bxg5 16. Qxg5 Ra5 17. f4 f5 18. Nd2 Rc5 19. Nf3 Rxc2 20. Nd4 Rxg2+ 21. Kxg2 Qd5+ 22. Nf3 c5 23. Rad1 Qxa2 24. e6 Bb7 25. Kf2 d6 26. e7 Re8 27. Qxf5 Qxb2+ 28. Rd2 Qf6 29. Qc2 Rxe7 30. Rxe7 Qxe7 31. Ng5 g6 32. Re2 Qf6 33. Re8+ Kg7 34. Ne6+ Kh6 35. Qc1 Nd7 36. f5+ g5 37. g4 Ne5 38. Kg3 Ng6 39. h4 Nxh4 40. Nxc5 Bd5 41. Ne4 Nxf5+ 42. gxf5 Qxf5 43. Qe3 a3 44. Nc3 a2 45. Nxd5 a1Q 46. Re6+ Kg7 47. Re7+ Kf8 48. Re8+ Kf7 49. Qe7+ Kg6 50. Rg8+ Kh6 0-1